Fyzikální podstata a využití luminiscence /

Hlavní autor: Dvořák, Lubomír, 1940-
Další autoři: Kupka, Zdeněk
Jazyk: Čeština
Vydáno: Praha : SPN, 1980
Vydání: 1. vyd.
Edice: Odborná literatura pro učitele
Témata:
Externí odkaz: Digitalizovaný dokument
Fyzický popis: 214 s. + [2] obr. příl. na vol. listech
Knihy
Uloženo v:
LEADER 01492nam a22003492a 4500
001 000159016
003 CZ BrMZK
005 20171002102502.0
007 ta
008 970107s1980 xr f cze d
015 |a cnb000397499 
040 |a BOA001  |b cze 
100 1 |a Dvořák, Lubomír,  |d 1940-  |7 jk01030171  |4 aut 
245 1 0 |a Fyzikální podstata a využití luminiscence /  |c zprac. Lubomír Dvořák a Zdeněk Kupka 
250 |a 1. vyd. 
260 |a Praha :  |b SPN,  |c 1980 
300 |a 214 s. +  |e [2] obr. příl. na vol. listech 
490 1 |a Odborná literatura pro učitele 
504 |a Obsahuje bibliografii 
500 |a Dostupné též v digitální podobě v aplikaci Kramerius 
700 1 |a Kupka, Zdeněk  |7 jk01070970  |4 aut 
830 0 |a Odborná literatura pro učitele  |0 s 
856 4 1 |u http://www.digitalniknihovna.cz/mzk/uuid/uuid:e3bae6f0-a8c5-11e7-ae0a-005056827e52  |y Digitalizovaný dokument  |x NDK 
910 |a BOA001  |b 1-0817.376  |b PK-A-0017.469 
920 |a 000128945 
964 |a Luminiscence - užití technické - pojednání 
964 |a Luminiscence - výklady 
964 |a Luminiscence - užití didaktické - návody 
990 |a BK 
996 6 |b 2619973600  |c 1-0817.376  |l MZK  |r Sklad / do 1 hodiny  |n 18  |w 000159016  |u 000030  |a 1  |e BOA001  |j MZK50  |s P 
996 7 |b 3119650301  |c PK-A-0017.469  |l MZK  |r Sklad / do 1 hodiny  |n 2  |w 000159016  |u 000020  |a 1  |e BOA001  |j MZK50  |s A 
996 7 |b 3119950531  |c PK-A-0017.469  |l MZK  |r Sklad / do 1 hodiny  |n 11  |w 000159016  |u 000010  |a 1  |e BOA001  |j MZK50  |s A